| 000 | 00521 a2200205 4500 | ||
|---|---|---|---|
| 005 | 20260210104405.0 | ||
| 008 | 260209b |||||||| |||| 00| 0 eng d | ||
| 020 |
_a9798893640762 _c$ 153.00 |
||
| 040 | _aMAIN | ||
| 082 |
_a572.87 _bL515R |
||
| 100 | _aLee, Tom, ed. | ||
| 245 | _aRecent advances in DNA replication | ||
| 260 |
_bCallisto Reference _c2026 _aNew York |
||
| 300 | _a218 | ||
| 650 | _aBiochemistry | ||
| 650 | _aMolecular Biology | ||
| 650 | _aGenetics | ||
| 650 | _aDNA Replication | ||
| 942 | _cBK | ||
| 999 |
_c395234 _d395234 |
||